000 00829nam a2200217 a 4500
001 BRCA_1893
005 20190320203607.0
008 910301s1988 mx-#---##b---f000-0#spa-#
040 _aDLC
_cDLC
050 4 _aF1219.56
_b.A35 1988
100 1 _aAguilera García, María del Carmen
_9516
245 1 0 _aCódice Cospi
_bcalendario messicano 4093, Biblioteca Universitaria de Bolonia
_cestudio de Carmen Aguilera.
260 _aMéxico
_bGobierno del Estado de Puebla : Centro Regional de Puebla : INAH : SEP
_c1988
300 _a115 p.
_c18 cm.
_e1 facsimilar fotográfico a colores del códice, doblado en forma de biombo
504 _aBibliografía: p. 113-115
630 0 4 _aCódice Cospi
_95847
650 1 4 _aCalendario azteca
_9777
650 1 4 _aAztecas
_xReligión
_95290
650 1 4 _aMitología Azteca
_92487
942 _2lcc
_cB
999 _c1668
_d1668